| 000 | 00556nam a22001697a 4500 | ||
|---|---|---|---|
| 003 | NUST | ||
| 005 | 20260202125954.0 | ||
| 008 | 260202b ||||| |||| 00| 0 eng d | ||
| 020 | _a978-3031305474 | ||
| 082 | _a570 | ||
| 100 |
_aBianchi, Giovanni. _9133008 |
||
| 245 |
_aA Numerical Tool for the Analysis of Bioinspired Aquatic Locomotion / _bSpringerBriefs in Applied Sciences and Technology/ _cBianchi, Giovanni. |
||
| 260 |
_aSwitzerland: _bSpringer, _c2023. |
||
| 300 |
_a76 p; _c5.98 x 0.08 x 9.13 inches. |
||
| 563 | _aHardcover | ||
| 942 |
_2ddc _cBK |
||
| 999 |
_c615986 _d615986 |
||